| 000 | 02036nam a2200397 i 4500 | ||
|---|---|---|---|
| 001 | 194323 | ||
| 003 | SpMaBN | ||
| 005 | 20250828062539.0 | ||
| 007 | ta | ||
| 008 | 240424s2024 sp | ||| ||spa | ||
| 016 | 7 |
_abimoBNE20061080065 _2SpMaBN |
|
| 017 |
_aM 5779-2024 _bOficina Depósito Legal Madrid |
||
| 020 | _a9788413391847 | ||
| 035 | _a(OCoLC)71821140 | ||
| 035 | _aMimo0002143927 | ||
| 040 |
_aSpMaBN _bspa _cSpMaBN _erdc _dEs-MaACL |
||
| 100 |
_aDelibes Liniers, Alicia _0XX1776833 _9235856 |
||
| 245 | 1 | 3 |
_aEl suicidio de Occidente : _bla renuncia a la transmisión del saber / _cAlicia Delibes Liniers. |
| 260 |
_aMadrid : _bEdiciones Encuentro, _c2024. |
||
| 300 |
_a359 p. ; _c23 cm. |
||
| 336 |
_2rdacontent _atexto |
||
| 337 |
_2rdamedia _asin mediación |
||
| 338 |
_2rdacarrier _avolumen |
||
| 490 | 1 |
_aColección Nuevo Ensayo ; _v143 |
|
| 504 | _aBibliografía: p. [165]-167 | ||
| 520 | _aDesde hace unos años, está cada vez más a la vista que nuestros niños salen de las escuelas con graves deficiencias en comprensión lectora, muchos razonan sin discernimiento y pasan de curso sin haber aprobado. Se les nota aburridos y sin rumbo, buscando sentido en un sistema que dice que la educación de las emociones lo es todo. ¿Qué ha pasado para que los sistemas educativos de los países occidentales, y España con ellos, estén inmersos en el creciente desprecio a la transmisión de los conocimientos en las aulas de sus escuelas e institutos? | ||
| 650 | 7 |
_aEducación _2embne _912073 |
|
| 830 |
_aColección Nuevo Ensayo ; _9235996 _v143 |
||
| 852 |
_aES-MaACL _cDEPOJ _jN-9872 _hDonación: Alicia Delibes _bR.155094 _9201925 _xEncuadernación rústica con solapas |
||
| 903 |
_9235856 _aDelibes Liniers, Alicia _ednr |
||
| 942 |
_n0 _cMONOGRAFIA |
||
| 999 |
_c194323 _d194323 |
||